| 000 | 00988pam a2200277 a 4500 | ||
|---|---|---|---|
| 999 |
_c379 _d379 |
||
| 001 | 2561658 | ||
| 003 | OSt | ||
| 005 | 20200214154418.0 | ||
| 008 | 950811s1996 nyuab b 001 0 eng | ||
| 010 | _a 95037141 | ||
| 020 | _a0716728168 (softcover) | ||
| 040 |
_aDLC _cDLC _dDLC |
||
| 050 | 0 | 0 |
_aQL82 _b.S3 1996 |
| 082 | 0 | 0 |
_a333.95 _220 _bSCA 1998 |
| 100 | 1 |
_aScalet, Charles G.; Flake, Lester D.; Willis, David W. _9981 |
|
| 245 | 1 | 0 |
_aIntroduction to Wildlife and Fisheries : _ban integrated approach |
| 246 | 3 | 0 | _aWildlife and fisheries |
| 260 |
_aNew York : _bW.H. Freeman and Co., _c1998 |
||
| 300 |
_axvi, 512 p. : _bill., maps ; _c25 cm. |
||
| 504 | _aIncludes bibliographical references and index. | ||
| 650 | 0 |
_aWildlife conservation. _9982 |
|
| 650 | 0 |
_aFishes _9983 |
|
| 906 |
_a7 _bcbc _corignew _d1 _eocip _f19 _gy-gencatlg |
||
| 942 |
_2ddc _cSLOAN |
||